| 000 | 00530nam a2200157 i 4500 | ||
|---|---|---|---|
| 001 | 104554 | ||
| 003 | ES-MaACL | ||
| 005 | 20230906183632.0 | ||
| 007 | t| | ||
| 008 | 051201s1957 fr ||||1| fre d | ||
| 110 | 1 |
_aFrancia. _bMinistère des Affaires Étrangères. _9134397 |
|
| 245 | 1 | 0 |
_aDocuments sur le désarmement _b: Souscomité de la Commission du désarmement, 18 mars- 6 septembre 1957. |
| 260 |
_aParis : _bLa Documentation française, _c1957. |
||
| 300 |
_a84 p. ; _c30 cm. |
||
| 852 |
_aES-MaACL _jC-19428 _bR.45560 |
||
| 999 |
_c104554 _d104554 |
||